Statistiques concernant Quelle région française ? Clic Quiz

Cliquez ici pour prendre le quiz!

Statistiques générales

  • Ce quiz a été pris 1 731 fois
  • Le résultat moyen est 7 sur 18

Statistiques - réponses

HintRéponse% Correct
Possède le point de plus haute altitudeAuvergne-Rhône-Alpes
70%
Possède le plus haut PIB par habitantÎle-de-France
63%
Vaut le plus de points au ScrabbleProvence-Alpes-Côte d'Azur
49%
Produit le fromage AOP français le plus vendu (en volume)Bourgogne-Franche-Comté
48%
Est frontalière du plus grand nombre de paysGrand Est
47%
Est la plus vasteNouvelle-Aquitaine
46%
Compte les provinces historiques de Touraine et du BerryCentre-Val de Loire
41%
Tient son nom d'un peuple scandinaveNormandie
41%
A son chef-lieu commençant par la lettre "N"Pays de la Loire
35%
Est située le plus au sudLa Réunion
33%
Est la seule à avoir un homme sur ses armoiriesCorse
29%
Produit 64% des pommes de terre françaisesHauts-de-France
25%
Se trouve, en moyenne, à la même latitude que Dakar, SénégalMartinique
25%
Est la moins densément peupléeGuyane
22%
Possède le taux de chômage le plus faibleBretagne
21%
Compte le plus grand nombre de départementsOccitanie
21%
Possède le plus fort taux de natalitéMayotte
20%
Est située le plus à l'ouestGuadeloupe
16%

Distribution des résultats

Percentile par nombre de réponses

% des personnes avec chaque résultat

Votre développement - résultats

Vous n’avez pas pris ce quiz